Muy ilustre Cabildo, justicia y regimiento: el Cabildo de Mendoza en el siglo XVIII; estudio institucional

Uloženo v:
Podrobná bibliografie
Hlavní autor: Sanjurjo de Driollet, Inés Elena (Autor)
Médium: Kniha
Jazyk:španělština
Vydáno: Mendoza Universidad Nacional de Cuyo 1995
Témata:
Tagy: Přidat tag
Žádné tagy, Buďte první, kdo vytvoří štítek k tomuto záznamu!

MARC

LEADER 00000nam a2200000 a 4500
001 UCT9926
003 CL-VaPUC
008 970412e19950000AG |||||||||||||||||spa|d
082 0 4 |a 349.982  |b SAN  |2 21 
100 0 |a Sanjurjo de Driollet, Inés Elena  |e author  |9 383026 
245 1 0 |a Muy ilustre Cabildo, justicia y regimiento: el Cabildo de Mendoza en el siglo XVIII; estudio institucional 
300 |a 247 p 
942 |c BK 
945 |d 19970412 00:00:00  |a rleighto 
260 |a Mendoza  |b Universidad Nacional de Cuyo  |c 1995 
650 7 |a CABILDOS  |2 CL-VaPUC  |9 375432 
650 0 |a Derecho Indiano  |9 256266 
650 0 |a Elecciones  |9 254997 
650 0 |a Gobierno   |9 255508 
650 0 |a Justicia   |9 255408 
650 0 |a Historia del derecho  |9 255109 
651 7 |a MENDOZA  |2 CL-VaPUC  |9 383027 
651 0 |a Argentina  |9 254888 
583 |a last modification  |c 20121207 08:15:18  |k Rodrigo Vera 
999 |c 258264  |d 258262 
952 |0 0  |1 0  |4 0  |6 349_982000000000000_SAN_1995  |7 0  |8 DER_HDC  |9 282220  |a BIBDER  |b BIBDER  |d 2019-11-19  |i 3299503  |o 349.982 SAN 1995  |p 3299503  |r 2023-01-25  |w 2019-11-19  |x Ubicación 4to Piso  |y BK  |z Estos recursos deben solicitarse con anticipación  |k DER